Readings for writers. / (Record no. 7364)

MARC details
000 -LEADER
fixed length control field 02269cam a2200301 a 4500
001 - CONTROL NUMBER
control field 3924567
005 - DATE AND TIME OF LATEST TRANSACTION
control field 20210414114658.0
008 - FIXED-LENGTH DATA ELEMENTS--GENERAL INFORMATION
fixed length control field 921002s1993 nyua 001 0 eng
010 ## - LIBRARY OF CONGRESS CONTROL NUMBER
LC control number 92037120
020 ## - INTERNATIONAL STANDARD BOOK NUMBER
International Standard Book Number 978049580237
020 ## - INTERNATIONAL STANDARD BOOK NUMBER
International Standard Book Number 0495802328
040 ## - CATALOGING SOURCE
Original cataloging agency DLC
Transcribing agency DLC
Modifying agency DLC
050 00 - LIBRARY OF CONGRESS CALL NUMBER
Classification number PE1439.M13
082 00 - DEWEY DECIMAL CLASSIFICATION NUMBER
Classification number 808/.0427
Edition number 20
100 1# - MAIN ENTRY--PERSONAL NAME
Personal name McCuen-Metherell, Jo Ray
245 10 - TITLE STATEMENT
Title Readings for writers. /
Statement of responsibility, etc. Jo Ray McCuen-Metherell, Anthony Winkler
250 ## - EDITION STATEMENT
Edition statement 13th ed.
260 ## - PUBLICATION, DISTRIBUTION, ETC.
Place of publication, distribution, etc. Boston:
Name of publisher, distributor, etc. Wadsworth,
Date of publication, distribution, etc. 2010.
300 ## - PHYSICAL DESCRIPTION
Extent xxviii, 820 p + 32 unnumbered pages of plates :
Other physical details ill. (some col.);
Dimensions 24cm
500 ## - GENERAL NOTE
General note Includes index.
505 ## - FORMATTED CONTENTS NOTE
Formatted contents note Contents: Reading and writing : from reading to writing. Reading critically -- Rhetoric : the art of persuasion -- Synthesis : incorporating outside sources -- The writer's voice -- The writer's thesis -- Organizing ideas -- Developing good paragraphs -- Patterns of development. Narration -- Description -- Process analysis -- Illustration/exemplification -- Definition -- Comparison/contrast -- Division/classification -- Causal analysis -- Argumentation and persuasion -- Combining the modes -- Rewriting your writing. The editing booth -- Special writing projects. Assignment 1 : the research paper -- Annotated student research paper : Modern Language Association (MLA) style -- Annotated student research paper : American Psychological Association (APA) style -- Assignment 2 : the literary paper -- Annotated literary paper.
520 ## - SUMMARY, ETC.
Summary, etc. "From helping you find your voice to guiding you on the latest MLA and APA documentation guidelines, Readings for Writers is designed to help you become a more successful writer. Throughout the text, the authors offer helpful commentary, practical tips and suggestions, student essays, and other writing tools that you can use for any assessment. But even more importantly, they present over 100 readings from a variety of genres and authors that will inspire and inform your writing"--Back cover. Read less
650 #0 - SUBJECT ADDED ENTRY--TOPICAL TERM
Topical term or geographic name entry element College readers
650 #0 - SUBJECT ADDED ENTRY--TOPICAL TERM
Topical term or geographic name entry element English language
Form subdivision Rhetoric -- Problems, exercises, etc.
650 #0 - SUBJECT ADDED ENTRY--TOPICAL TERM
Topical term or geographic name entry element Report writing
Form subdivision Problems, exercises, etc.
650 #0 - SUBJECT ADDED ENTRY--TOPICAL TERM
Topical term or geographic name entry element English language
General subdivision Rhetoric.
942 ## - ADDED ENTRY ELEMENTS (KOHA)
Source of classification or shelving scheme Library of Congress Classification
Koha item type Books
Holdings
Withdrawn status Lost status Source of classification or shelving scheme Damaged status Not for loan Home library Current library Shelving location Date acquired Full call number Barcode Date last seen Copy number Price effective from Koha item type Total Checkouts Total Renewals Date last checked out
    Library of Congress Classification     WISCONSIN INTERNATIONAL UNIVERSITY COLLEGE, GHANA KUMASI LIBRARY WISCONSIN INTERNATIONAL UNIVERSITY COLLEGE, GHANA KUMASI LIBRARY General Stacks 22/11/2019 PE1439.M132(13e) K/2796/2796/19 16/06/2020 3 16/06/2020 Books      
    Library of Congress Classification     WISCONSIN INTERNATIONAL UNIVERSITY COLLEGE, GHANA KUMASI LIBRARY WISCONSIN INTERNATIONAL UNIVERSITY COLLEGE, GHANA KUMASI LIBRARY Law Library 22/11/2019 PE1439.M134(13e) KSL/336/336/19 17/05/2021 5 16/06/2020 Books      
    Library of Congress Classification     WISCONSIN INTERNATIONAL UNIVERSITY COLLEGE, GHANA KUMASI LIBRARY WISCONSIN INTERNATIONAL UNIVERSITY COLLEGE, GHANA KUMASI LIBRARY Law Library 22/11/2019 PE1439.M137(13e) KSL/337/337/19 17/05/2021 8 16/06/2020 Books      
    Library of Congress Classification     WISCONSIN INTERNATIONAL UNIVERSITY COLLEGE, GHANA KUMASI LIBRARY WISCONSIN INTERNATIONAL UNIVERSITY COLLEGE, GHANA KUMASI LIBRARY General Stacks 22/11/2019 PE1439.M133(13e) K/2797/2797/19 17/05/2021 4 16/06/2020 Books      
    Library of Congress Classification     WISCONSIN INTERNATIONAL UNIVERSITY COLLEGE, GHANA KUMASI LIBRARY WISCONSIN INTERNATIONAL UNIVERSITY COLLEGE, GHANA KUMASI LIBRARY nursing 22/11/2019 PE1439.M135(13e) KSN/552/552/19 17/05/2021 6 16/06/2020 Books      
    Library of Congress Classification     WISCONSIN INTERNATIONAL UNIVERSITY COLLEGE, GHANA KUMASI LIBRARY WISCONSIN INTERNATIONAL UNIVERSITY COLLEGE, GHANA KUMASI LIBRARY General Stacks 21/10/2019 PE1439.M13(13e) K/162/162/19 22/08/2023 1 16/06/2020 Books 1 1 09/03/2022
    Library of Congress Classification     WISCONSIN INTERNATIONAL UNIVERSITY COLLEGE, GHANA KUMASI LIBRARY WISCONSIN INTERNATIONAL UNIVERSITY COLLEGE, GHANA KUMASI LIBRARY General Stacks 21/10/2019 PE1439.M131(13e) K/163/163/19 17/05/2021 2 16/06/2020 Books      
    Library of Congress Classification     WISCONSIN INTERNATIONAL UNIVERSITY COLLEGE, GHANA KUMASI LIBRARY WISCONSIN INTERNATIONAL UNIVERSITY COLLEGE, GHANA KUMASI LIBRARY nursing 22/11/2019 PE1439.M136(13e) KSN/553/553/19 07/11/2023 7 16/06/2020 Books      
    Library of Congress Classification     WISCONSIN INTERNATIONAL UNIVERSITY COLLEGE, GHANA KUMASI LIBRARY WISCONSIN INTERNATIONAL UNIVERSITY COLLEGE, GHANA KUMASI LIBRARY General Stacks 22/11/2019 PE1439.M138(13e) K/2798/2798/19 27/11/2023 9 27/11/2023 Books      

If you have any concerns or questions; kindly contact the library


© Powered by WIUC ICT DIRECTORATE